000 00845nam a2200289Ia 4500
003 OSt
005 20221006144537.0
006 a|||||r|||| 00| 0
007 ta
008 221006b |||||||| |||| 00| 0 chi d
020 _a 9787301032176 (V.2)
020 _a9787301031544 (V.1)
_cYu 28.00 (each)
024 _a11,938
037 _bGift, PRC
_cTextual
040 _aEASL
_cEASL
_bchi
041 _2chi
_achi
082 _aP41, N7.
100 _aLIU Delian
_9652223
245 0 _aIntermediate spoken Chinese 2 Vols.
260 _aPeking
_bPeking University Press China
_c1997
300 _a189p.
_ccm.
490 _v V.2CL
_aChinese as Foreign Language Series
650 _aCL
_9642733
700 _a LIU Xiaoyu
_9652224
942 _hP41, N7.
_cTEXL
_2CC
999 _c1080024
_d1080024